<?xml version="1.0" encoding="UTF-8"?>
<record
    xmlns:xsi="http://www.w3.org/2001/XMLSchema-instance"
    xsi:schemaLocation="http://www.loc.gov/MARC21/slim http://www.loc.gov/standards/marcxml/schema/MARC21slim.xsd"
    xmlns="http://www.loc.gov/MARC21/slim">

  <leader>04104nam a2200565Ii 4500</leader>
  <controlfield tag="001">DIGRENAC0175</controlfield>
  <controlfield tag="003">NyNyDIG</controlfield>
  <controlfield tag="008">191018t20182016sp      ob    000 0 spa d</controlfield>
  <controlfield tag="006">m     o  d        </controlfield>
  <controlfield tag="007">cr |||||||||||</controlfield>
  <datafield tag="035" ind1=" " ind2=" ">
    <subfield code="a">(OCoLC)1124567856</subfield>
  </datafield>
  <datafield tag="040" ind1=" " ind2=" ">
    <subfield code="a">DGITA</subfield>
    <subfield code="b">eng</subfield>
    <subfield code="e">rda</subfield>
    <subfield code="e">pn</subfield>
    <subfield code="c">DGITA</subfield>
  </datafield>
  <datafield tag="020" ind1=" " ind2=" ">
    <subfield code="a">9788417266875</subfield>
    <subfield code="q">(eBook ;</subfield>
    <subfield code="q">pdf)</subfield>
  </datafield>
  <datafield tag="020" ind1=" " ind2=" ">
    <subfield code="a">8417266879</subfield>
    <subfield code="q">(eBook ;</subfield>
    <subfield code="q">pdf)</subfield>
  </datafield>
  <datafield tag="020" ind1=" " ind2=" ">
    <subfield code="z">9788417266868</subfield>
    <subfield code="q">(eBook)</subfield>
  </datafield>
  <datafield tag="020" ind1=" " ind2=" ">
    <subfield code="z">9788416981021</subfield>
    <subfield code="q">(Renacimiento)</subfield>
  </datafield>
  <datafield tag="020" ind1=" " ind2=" ">
    <subfield code="z">8416981027</subfield>
    <subfield code="q">(Renacimiento)</subfield>
  </datafield>
  <datafield tag="020" ind1=" " ind2=" ">
    <subfield code="z">9788477239956</subfield>
    <subfield code="q">(Universidad Extremadura)</subfield>
  </datafield>
  <datafield tag="020" ind1=" " ind2=" ">
    <subfield code="z">8477239959</subfield>
    <subfield code="q">(Universidad Extremadura)</subfield>
  </datafield>
  <datafield tag="050" ind1="1" ind2="4">
    <subfield code="a">PQ6358.A6 ebook</subfield>
  </datafield>
  <datafield tag="082" ind1="0" ind2="4">
    <subfield code="a">863.3</subfield>
  </datafield>
  <datafield tag="245" ind1="0" ind2="3">
    <subfield code="a">El Quijote y Am&#xE9;rica /</subfield>
    <subfield code="c">Mar&#xED;a Isabel L&#xF3;pez Mart&#xED;nez y Rosa Eugenia Montes Doncel (eds.) ; Julia Dom&#xED;nguez [and 16 others].</subfield>
  </datafield>
  <datafield tag="264" ind1=" " ind2="1">
    <subfield code="a">Valencina de la Concepci&#xF3;n (Sevilla) :</subfield>
    <subfield code="b">Renacimiento ;</subfield>
    <subfield code="a">C&#xE1;ceres :</subfield>
    <subfield code="b">Universidad de Extremadura, Servicio de Publicaciones,</subfield>
    <subfield code="c">[2018]</subfield>
  </datafield>
  <datafield tag="264" ind1=" " ind2="4">
    <subfield code="c">&#xA9;2016</subfield>
  </datafield>
  <datafield tag="300" ind1=" " ind2=" ">
    <subfield code="a">1 online resource.</subfield>
  </datafield>
  <datafield tag="336" ind1=" " ind2=" ">
    <subfield code="a">text</subfield>
    <subfield code="b">txt</subfield>
    <subfield code="2">rdacontent</subfield>
  </datafield>
  <datafield tag="337" ind1=" " ind2=" ">
    <subfield code="a">computer</subfield>
    <subfield code="b">c</subfield>
    <subfield code="2">rdamedia</subfield>
  </datafield>
  <datafield tag="338" ind1=" " ind2=" ">
    <subfield code="a">online resource</subfield>
    <subfield code="b">cr</subfield>
    <subfield code="2">rdacarrier</subfield>
  </datafield>
  <datafield tag="347" ind1=" " ind2=" ">
    <subfield code="a">text file</subfield>
    <subfield code="2">rdaft</subfield>
  </datafield>
  <datafield tag="347" ind1=" " ind2=" ">
    <subfield code="b">PDF</subfield>
  </datafield>
  <datafield tag="490" ind1="1" ind2=" ">
    <subfield code="a">Colecci&#xF3;n Iluminaciones ;</subfield>
    <subfield code="v">116</subfield>
  </datafield>
  <datafield tag="504" ind1=" " ind2=" ">
    <subfield code="a">Includes bibliographical references.</subfield>
  </datafield>
  <datafield tag="505" ind1="0" ind2=" ">
    <subfield code="a">Leer con pluma en mano : escritura, lectura y memoria en Cervantes / Julia Dom&#xED;nguez -- La naci&#xF3;n en ciernes : la reestructura del Quijote en la primera serie de Episodios nacionales de Benito P&#xE9;rez Gald&#xF3;s / Toni Dorca -- Cervantes y el debate cient&#xED;fico en El Quijote / Chad M. Gasta -- Visi&#xF3;n realista y visi&#xF3;n imaginaria en las transposiciones f&#xED;lmicas del Quijote / Jos&#xE9; Mar&#xED;a Paz Gago -- Don Quijote en Chine : lectura de Rana de Mo Yan / Ascensi&#xF3;n Rivas Hern&#xE1;ndez -- Tres episodios amorosos en Cervantes : de la est&#xE9;tica pastoril de La Galatea y la destrucci&#xF3;n del mito en El Quijote a la configuraci&#xF3;n del modelo bizantino en El Persiles / Miguel &#xC1;. Teijeiro Fuentes -- Un yankee en la corte del Rey Arturo : el Cervantes moderno, americano y americanista de las universidades norteamericanas actuales / H&#xE9;ctor Brioso Santos -- La interpretaci&#xF3;n de El Quijote : el relato de Gris&#xF3;stomo y Marcela desde el "realismo intencional" / Mar&#xED;a de la Paz Cepedillo Moreno -- Monteiro Lobato y Dom Quixote das crian&#xE7;as / Carmen Mar&#xED;a Comino Fern&#xE1;ndez de Ca&#xF1;ete -- Cervantes in Buenos Aires : historia funambulesca del profesor Landormy / Ana Davis Gonz&#xE1;lez -- Contra el anacronismo hermen&#xE9;utico : la cultura &#xE1;rabe isl&#xE1;mica en El Quijote / Ma Jos&#xE9; Rebollo &#xC1;valos -- Guillermo de Torre : una mirada a Cervantes y El Quijote desde el exilio / Pablo Rojas -- Don Quijote de la Mancha y Comentarios reales I : cruces culturales / Elena Romiti -- El Quijote a examen por la historia de la medicina / Luis Vicente S&#xE1;nchez Fern&#xE1;ndez, Ana Isabel Su&#xE1;rez Cienfuegos, Juan Carlos Cobo Barqu&#xED;n y Radham&#xE9;s Hern&#xE1;ndez Mej&#xED;a.</subfield>
  </datafield>
  <datafield tag="588" ind1="0" ind2=" ">
    <subfield code="a">Online resource; title from PDF title page (Digitalia, viewed October 20, 2019)</subfield>
  </datafield>
  <datafield tag="600" ind1="1" ind2="0">
    <subfield code="a">Cervantes Saavedra, Miguel de,</subfield>
    <subfield code="d">1547-1616.</subfield>
    <subfield code="t">Don Quixote.</subfield>
  </datafield>
  <datafield tag="600" ind1="1" ind2="0">
    <subfield code="a">Cervantes Saavedra, Miguel de,</subfield>
    <subfield code="d">1547-1616</subfield>
    <subfield code="x">Criticism and interpretation.</subfield>
  </datafield>
  <datafield tag="600" ind1="1" ind2="0">
    <subfield code="a">Cervantes Saavedra, Miguel de,</subfield>
    <subfield code="d">1547-1616</subfield>
    <subfield code="x">Influence.</subfield>
  </datafield>
  <datafield tag="600" ind1="1" ind2="0">
    <subfield code="a">Cervantes Saavedra, Miguel de,</subfield>
    <subfield code="d">1547-1616.</subfield>
    <subfield code="t">Don Quixote</subfield>
    <subfield code="x">Film adaptations.</subfield>
  </datafield>
  <datafield tag="655" ind1=" " ind2="0">
    <subfield code="a">Electronic books.</subfield>
  </datafield>
  <datafield tag="700" ind1="1" ind2=" ">
    <subfield code="a">L&#xF3;pez Mart&#xED;nez, Mar&#xED;a Isabel,</subfield>
    <subfield code="d">1961-</subfield>
    <subfield code="e">editor.</subfield>
  </datafield>
  <datafield tag="700" ind1="1" ind2=" ">
    <subfield code="a">Montes Doncel, Rosa Eugenia,</subfield>
    <subfield code="e">editor.</subfield>
  </datafield>
  <datafield tag="700" ind1="1" ind2=" ">
    <subfield code="a">Dom&#xED;nguez, Julia,</subfield>
    <subfield code="e">author.</subfield>
  </datafield>
  <datafield tag="791" ind1="2" ind2=" ">
    <subfield code="a">Digitalia (Firm),</subfield>
    <subfield code="e">distributor.</subfield>
  </datafield>
  <datafield tag="793" ind1="0" ind2=" ">
    <subfield code="g">Digitalia eBook Collection:</subfield>
    <subfield code="a">Editorial Renacimiento</subfield>
  </datafield>
  <datafield tag="776" ind1="0" ind2="8">
    <subfield code="i">Print version:</subfield>
    <subfield code="t">Quijote y Am&#xE9;rica.</subfield>
    <subfield code="d">Valencina de la Concepci&#xF3;n (Sevilla) : Renacimiento ; C&#xE1;ceres : Universidad de Extremadura, Servicio de Publicaciones, 2016</subfield>
    <subfield code="z">9788416981021</subfield>
    <subfield code="w">(DLC)  2016495782</subfield>
    <subfield code="w">(OCoLC)970665002</subfield>
  </datafield>
  <datafield tag="830" ind1=" " ind2="0">
    <subfield code="a">Iluminaciones ;</subfield>
    <subfield code="v">116.</subfield>
  </datafield>
  <datafield tag="856" ind1="4" ind2="0">
    <subfield code="3">Digitalia Hisp&#xE1;nica</subfield>
    <subfield code="u">https://www.digitaliapublishing.com/a/56363/</subfield>
  </datafield>
  <datafield tag="910" ind1=" " ind2=" ">
    <subfield code="a">Premium collection: 2019</subfield>
  </datafield>
  <datafield tag="942" ind1=" " ind2=" ">
    <subfield code="c">RAA</subfield>
  </datafield>
  <datafield tag="952" ind1=" " ind2=" ">
    <subfield code="0">0</subfield>
    <subfield code="1">0</subfield>
    <subfield code="4">0</subfield>
    <subfield code="7">0</subfield>
    <subfield code="8">DEH</subfield>
    <subfield code="a">BD-UIN</subfield>
    <subfield code="b">BD-UIN</subfield>
    <subfield code="d">2025-04-25</subfield>
    <subfield code="l">0</subfield>
    <subfield code="r">2025-04-25</subfield>
    <subfield code="w">2025-04-25</subfield>
    <subfield code="y">RAA</subfield>
  </datafield>
  <datafield tag="999" ind1=" " ind2=" ">
    <subfield code="c">254755</subfield>
    <subfield code="d">254755</subfield>
  </datafield>
</record>
